Open Data Biblioteca Nacional de Portugal


República Portuguesa: Ministério da Cultura
Biblioteca Nacional de Portugal

Catálogo da BNP: acesso por Identificadores Unívocos
Registos Bibliográficos associados ao registo de autoridade

Etiqueta de registo: 00000nkm 2200025 450
001 2257890
003 http://id.bnportugal.gov.pt/bib/catbnp/2257890
100 ## $a20260130d1992 m y0pory01030103ba
101 0# $apor
102 ## $aPT
200 1# $aII Semana da Cooperação, uma iniciativa da AEIST, Lisboa, 19 a 25 de abril de 1992$bVisual gráfico]$fAssociação de Estudantes do Instituto Superior Técnico
210 #9 $aLisboa$cAssociação de Estudantes do Instituto Superior Técnico,$d1992
215 ## $a1 cartaz$ccolor.$d67,9x48 cm
317 ## $aColeção Madeira Luís
675 ## $a766(=1:469)"1992(084.5)$vBN$zpor$31982603
710 01 $aAssociação de Estudantes do Instituto Superior Técnico,$bSemana da Cooperação,$d2,$eLisboa$f1992$31994149
712 02 $aAssociação de Estudantes do Instituto Superior Técnico$3174939
801 #0 $aPT$bBN$gRPC
966 ## $lBN$mICONOG$sCT. 18902 A.$x3
971 ## $cCaticonografia8$d20260130
995 ## $aPRR2026 $d20260130$iCaticonografia8

OpendataBNP@bnportugal.pt | Mais informação sobre acesso aos dados BNP